[Event "Brasilia IRT Marista U2300"]
[Site "Brasilia"]
[Date "2017.08.13"]
[Round "4.8"]
[White "Movahedi Aliabadi, Hamid"]
[Black "De Siqueira, Luigy Lira"]
[Result "0-1"]
[WhiteElo "1526"]
[BlackElo "1414"]
[PlyCount "112"]
[EventDate "2017.08.12"]
[EventType "swiss"]
[EventRounds "5"]
[EventCountry "BRA"]
[SourceTitle "EXT 2022"]
[Source "ChessBase"]
[SourceDate "2021.10.06"]
[SourceVersion "1"]
[SourceVersionDate "2021.10.06"]
[SourceQuality "1"]

1. d4 Nf6 2. c4 e6 3. Nf3 Bb4+ 4. Nc3 Bxc3+ 5. bxc3 c5 6. e3 Nc6 7. Bd3 b6 8. 0-0 Ba6 9. Bb2 Na5 10. Qa4 0-0 11. Rad1 Qc7 12. Rd2 Rad8 13. Rfd1 Bb7 14. Bb1 Bc6 15. Qc2 Nxc4 16. Re2 Nxb2 17. Qxb2 Ng4 18. e4 f5 19. d5 fxe4 20. d6 Qb7 21. Ng5 h6 22. Nxe4 Rf4 23. Rde1 Qb8 24. Qc2 Bxe4 25. Rxe4 Rxe4 26. Qxe4 Nf6 27. Qd3 c4 28. Qd4 b5 29. Re3 Qb6 30. Qe5 Qc6 31. Rg3 Qd5 32. Qe2 Qxd6 33. Qc2 Ne4 34. Re3 Nf6 35. h3 Qe7 36. Re5 d6 37. Rxb5 Qc7 38. Qb2 Qc6 39. Rb8 Qc7 40. Rb7 Qa5 41. Bg6 Nd7 42. Rb5 Qc7 43. Rb7 Qa5 44. Qe2 Ne5 45. f4 Qc5+ 46. Kh2 Nxg6 47. Qxe6+ Kh7 48. Qf7 Rg8 49. Rc7 Qf2 50. Qxc4 Qxf4+ 51. Qxf4 Nxf4 52. Rxa7 Re8 53. Ra4 Ne2 54. Ra6 d5 55. Rd6 Nxc3 56. a4 Ra8 0-1

[Event "Brasilia IRT Marista U2300"]
[Site "Brasilia"]
[Date "2017.08.12"]
[Round "3.5"]
[White "Nishizawa, Claudio"]
[Black "Movahedi Aliabadi, Hamid"]
[Result "1/2-1/2"]
[WhiteElo "1623"]
[BlackElo "1526"]
[PlyCount "123"]
[EventDate "2017.08.12"]
[EventType "swiss"]
[EventRounds "5"]
[EventCountry "BRA"]
[SourceTitle "EXT 2022"]
[Source "ChessBase"]
[SourceDate "2021.10.06"]
[SourceVersion "1"]
[SourceVersionDate "2021.10.06"]
[SourceQuality "1"]

1. d4 d5 2. Bf4 Nf6 3. e3 e6 4. Bd3 Be7 5. Nf3 0-0 6. Nbd2 Nbd7 7. h3 c5 8. c3 c4 9. Bb1 b5 10. Qc2 Bb7 11. h4 Ne4 12. Ng5 Bxg5 13. hxg5 f5 14. Nf3 g6 15. Qe2 Qe7 16. a3 a5 17. Bxe4 fxe4 18. Nh2 e5 19. dxe5 Nxe5 20. Bxe5 Qxe5 21. f4 exf3 22. Nxf3 Qe7 23. 0-0-0 b4 24. cxb4 axb4 25. e4 bxa3 26. Rde1 axb2+ 27. Qxb2 Qa3 28. Ne5 Qxb2+ 29. Kxb2 Rf2+ 30. Kc3 dxe4 31. Ng4 Rf4 32. Nf6+ Rxf6 33. gxf6 h5 34. Kxc4 Kf7 35. Kc5 Ra6 36. Rhf1 Rxf6 37. Rxf6+ Kxf6 38. Rb1 Bc8 39. Kd4 Bf5 40. Ke3 Kg5 41. g3 Kg4 42. Rg1 Kh3 43. Kf4 Kh2 44. Re1 Kg2 45. Re2+ Kf1 46. Rh2 Kg1 47. Rb2 Kf1 48. Ra2 Kg1 49. Rd2 Kf1 50. Rh2 Kg1 51. Rb2 Kf1 52. Rd2 Kg1 53. Rb2 Kh1 54. Ra2 Kg1 55. Ra5 Kf2 56. Ra2+ Kg1 57. Rb2 Kf1 58. Rh2 Kg1 59. Rd2 Kf1 60. Rb2 Kg1 61. Rb3 Kf2 62. Rb2+ 1/2-1/2

[Event "Brasilia Marista U2200"]
[Site "Brasilia"]
[Date "2016.08.27"]
[Round "3.2"]
[White "Taira, Erick Hideki"]
[Black "Movahedi Aliabadi, Hamid"]
[Result "1-0"]
[WhiteElo "1706"]
[BlackElo "1537"]
[PlyCount "63"]
[EventDate "2016.08.27"]
[EventType "swiss"]
[EventRounds "5"]
[EventCountry "BRA"]
[SourceTitle "EXT 2022"]
[Source "ChessBase"]
[SourceDate "2021.10.06"]
[SourceVersion "1"]
[SourceVersionDate "2021.10.06"]
[SourceQuality "1"]

1. e4 e6 2. d4 d5 3. Nd2 c5 4. exd5 cxd4 5. dxe6 Bxe6 6. Bb5+ Nc6 7. Ngf3 Nf6 8. 0-0 Bc5 9. Nb3 Bxb3 10. axb3 0-0 11. Bg5 Rc8 12. Re1 a6 13. Bxc6 Rxc6 14. Ra4 Rd6 15. Bf4 Rd5 16. Re5 Re8 17. h3 Rexe5 18. Nxe5 Ne4 19. Nd3 Ba7 20. Be5 f6 21. Bf4 Nc5 22. Nxc5 Bxc5 23. Qd3 Bd6 24. Rxd4 Bxf4 25. Rxd5 Qb6 26. Rd8+ Kf7 27. Qd5+ Kg6 28. g4 Be5 29. Rd7 Qb4 30. Qd3+ Kh6 31. Qd2+ Qxd2 32. Rxd2 1-0

[Event "Brasilia IRT de Ferias"]
[Site "Brasilia"]
[Date "2016.07.16"]
[Round "4.8"]
[White "Movahedi Aliabadi, Hamid"]
[Black "Taira, Erick Hideki"]
[Result "1/2-1/2"]
[WhiteElo "1529"]
[BlackElo "1672"]
[PlyCount "101"]
[EventDate "2016.07.15"]
[EventType "swiss"]
[EventRounds "6"]
[EventCountry "BRA"]
[SourceTitle "EXT 2022"]
[Source "ChessBase"]
[SourceDate "2021.10.06"]
[SourceVersion "1"]
[SourceVersionDate "2021.10.06"]
[SourceQuality "1"]

1. d4 d5 2. c4 e6 3. Nc3 c6 4. Nf3 dxc4 5. a4 Bb4 6. e4 b5 7. Be2 a5 8. 0-0 Bb7 9. axb5 Bxc3 10. bxc3 cxb5 11. Qc2 Ne7 12. Ba3 0-0 13. Rfb1 Bc6 14. Nd2 Re8 15. e5 Nd5 16. Bd6 Nd7 17. Ne4 N7b6 18. Bf3 Kh8 19. Nd2 Nc8 20. Bc5 Qd7 21. Bxd5 Bxd5 22. Rb2 Ne7 23. Nb1 Reb8 24. Rba2 Nc6 25. h4 Qd8 26. g3 f6 27. f4 b4 28. cxb4 Nxb4 29. Bxb4 axb4 30. Rxa8 Rxa8 31. Rxa8 Qxa8 32. Kf2 b3 33. Qc3 Qa2+ 34. Nd2 Qa4 35. g4 Qb5 36. g5 f5 37. h5 b2 38. Nb1 Be4 39. Qa3 Qb8 40. h6 Qd8 41. hxg7+ Kxg7 42. Qa7+ Kg6 43. Nc3 b1Q 44. Nxb1 Bxb1 45. Ke3 Qd5 46. Qe7 Qe4+ 47. Kd2 Qd3+ 48. Ke1 Qe3+ 49. Kd1 c3 50. Qe8+ Kg7 51. Qe7+ 1/2-1/2

[Event "BRA-ch Amateur"]
[Site "Brasilia"]
[Date "2016.06.18"]
[Round "4"]
[White "Pinto, Flavio Jose"]
[Black "Movahedi Aliabadi, Hamid"]
[Result "0-1"]
[WhiteElo "1800"]
[BlackElo "1547"]
[PlyCount "56"]
[EventDate "2016.06.17"]
[EventType "swiss"]
[EventRounds "6"]
[EventCountry "BRA"]
[SourceTitle "CBM 173 Extra"]
[Source "ChessBase"]
[SourceDate "2016.08.29"]
[SourceVersion "1"]
[SourceVersionDate "2016.08.29"]
[SourceQuality "1"]

1. e4 e6 2. d4 d5 3. e5 c5 4. c3 Nc6 5. Bb5 Bd7 6. Nf3 Nxe5 7. Nxe5 Bxb5 8. a4 Ba6 9. Bd2 Nf6 10. b4 cxb4 11. cxb4 b5 12. Na3 Be7 13. axb5 Bb7 14. Nc6 Bxc6 15. bxc6 0-0 16. Nc2 Qb6 17. Qe2 Qxc6 18. Rc1 Rfc8 19. 0-0 Ne4 20. Ne3 Qb7 21. Rxc8+ Rxc8 22. Rb1 a5 23. b5 a4 24. Bb4 Bxb4 25. Rxb4 a3 26. Rb3 Rc1+ 27. Nf1 Nc3 28. Rxc3 Rxc3 0-1